00929nam a2200193 i 4500001000700000003000900007005001700016007000300033008004100036100003700077245025900114260004400373300004300417650004600460650004800506650006200554700007600616852004300692104340ES-MaACL20250916063046.0t|051128s1919 sp d |||| | spa d1 aMiguel, Raimundo de, d1816-187810aNuevo diccionario latino-español etimológico, escrito con presencia de las obras más notables en este género... b: seguido de un tratado de sinónimos y de un vocabulario español-latino / cpor D. Raimundo de Miguel y el Marqués de Morante. aMadrid : bSuc. de Rivadeneyra, c1919. aXXXIX, 997 p, 76 p., 256 p. ; c26 cm. 4aLengua latina-vDiccionarios-xEspañol. 4aLengua española-vDiccionarios-xLatín. 4aLengua latina-xSinónimos y antónimos-vDiccionarios.1 aGómez de la Cortina, Joaquín c, Marqués de Morante (d1805-1868)4 aES-MaACLjG-16153cDEPO2dOlim: B-1824